La información científica: investigación, redacción, presentación

Salvato in:
Dettagli Bibliografici
Autore principale: Eguiguren Samaniego, Javier (Autore)
Natura: Libro
Lingua:spagnolo
Pubblicazione: Buenos Aires Marymar 1985
Soggetti:
Tags: Aggiungi Tag
Nessun Tag, puoi essere il primo ad aggiungerne!!

MARC

LEADER 00000nam a2200000 a 4500
001 UCZ5574
003 CL-VaPUC
008 951124e19850000AG |||||||||||||||||spa|d
082 0 4 |a 001.4  |b EGU  |2 21 
100 0 |a Eguiguren Samaniego, Javier  |e author  |9 349663 
245 1 3 |a La información científica: investigación, redacción, presentación 
300 |a 171 p 
942 |c BK 
945 |d 19951124 00:00:00  |a aalvarez 
260 |a Buenos Aires  |b Marymar  |c 1985 
650 0 |a Información científica  |9 334819 
650 7 |a REDACCION DE INFORMES  |2 CL-VaPUC  |9 349664 
650 0 |a Investigación  |9 257811 
583 |a last modification  |c 19951124 00:00:00  |k Rodrigo Vera 
999 |c 241870  |d 241868 
952 |0 0  |1 2  |4 0  |6 001_400000000000000_EGU_1985  |7 0  |8 A  |9 254433  |a BIBTEO  |b BIBTEO  |d 2019-11-19  |i 2021595  |o 001.4 EGU 1985  |p 2021595  |r 2019-11-19  |w 2019-11-19  |x Descarte 2019  |y BK  |k ICR